000 00244nam a22000857a 4500
008 221212b ||||| |||| 00| 0 eng d
100 _aKehr, Ernest A.
245 _aPhilatelic Public Relations
650 _aPublic Relations | Dealers | Clubs | Exhibits
999 _c3468
_d3468